000 00506nam a2200193Ia 4500
008 240510s9999 xx 000 0 und d
020 _a0000749432071
041 _aEng
082 _a658.4038
082 _bN31
100 _aNICHOLLS G.
245 0 _aPROFESSIONAL DEVELOPMENT IN HIGHER EDUCATION:NEW DIMENSIONS AND DIRECTIONS
260 _bENGLAND : KORGAN PAGE
260 _c2001
300 _a150 p.
650 _aMANAGEMENT : EDUCATION MANAGEMENT : EDUCATION
942 _2ddc
942 _cLBK
999 _c25882
_d25882
945 _a1
_bMadushi Gamage
_c1
_dMadushi Gamage